Diffusion and heat flow in liquids.

Bibliographic Details
Main Author: Tyrrell, H. J. V. (Henry John Valentine)
Format: Book
Language:English
Published: London : Butterworth, 1961.
Subjects:

MARC

Tag First Indicator Second Indicator Subfields
LEADER 00000cam a2200000 4500
001 in00000044768
005 20151007075127.0
008 750403s1961 enka b 00000 eng u
010 |a  62003383  
035 |a (OCoLC)01251655 
035 |9 AAF2688AM 
040 |c TOL  |d TXA  |d UtOrBLW 
049 |a TXAM  |c [347527] 
050 0 0 |a QD543  |b .T94 
082 0 |a 541.36 
092 |a 541.36  |b T933d, 1961 
100 1 |a Tyrrell, H. J. V.  |q (Henry John Valentine) 
245 1 0 |a Diffusion and heat flow in liquids. 
264 1 |a London :  |b Butterworth,  |c 1961. 
300 |a 329 pages :  |b illustrations ;  |c 26 cm. 
336 |a text  |b txt  |2 rdacontent 
337 |a unmediated  |b n  |2 rdamedia 
338 |a volume  |b nc  |2 rdacarrier 
504 |a Includes bibliography. 
650 0 |a Diffusion. 
650 0 |a Heat  |x Conduction. 
650 0 |a Liquids. 
999 |a MARS 
999 f f |s 340c6582-f441-362a-8227-ce604ec4db0d  |i 10113dc5-57b9-388f-b390-8bfc932a15a7  |t 0 
952 f f |p ric  |a Texas A&M University  |b Rellis Campus  |c Joint Library Facility  |d Remote Storage  |t 0  |e QD543 .T94  |h Library of Congress classification  |i unmediated -- volume  |m A14800937000 
998 f f |a QD543 .T94  |t 0  |l Remote Storage